000 00690cam a2200241 4500
001 J95041
008 090401t1998 xxu||||| |||| 00| 0 eng d
035 _a(Sirsi) u89679
041 _aeng
050 _a333.33709421
110 _aDTZ Debenham Thorpe
_92895
245 _aPre-letting in the London office market : report.
260 _aLondon
_bDTZ Debenham Thorpe
_c1998
300 _a(11)p. ; 30cm.
350 _a0
650 _aLONDON
650 _aPROPERTY-COMMERCIAL PROPERTY-OFFICE PROPERTY-OFFICE PROPERTY MARKET
650 _aOFFICES
650 _aPRE-LETTING
690 _aPROPERTY-COMMERCIAL PROPERTY-COMMERCIAL PROPERTY MARKET
942 _n0
948 _c16/11/1998
999 _c97488
_d97488